[Event "Pilzno Omega Cup 5th"]
[Site "Pilzno"]
[Date "2009.04.30"]
[Round "1.5"]
[White "Mazurek, Lukasz"]
[Black "Czernicki, Bogdan"]
[Result "1-0"]
[WhiteElo "1654"]
[BlackElo "2032"]
[PlyCount "68"]
[EventDate "2009.04.30"]
[EventType "swiss"]
[EventRounds "7"]
[EventCountry "POL"]
[SourceTitle "EXT 2023"]
[Source "ChessBase"]
[SourceDate "2022.10.05"]
[SourceVersion "1"]
[SourceVersionDate "2022.10.05"]
[SourceQuality "1"]

1. e4 e6 2. d4 d5 3. exd5 exd5 4. Nf3 Bd6 5. Bd3 Ne7 6. 0-0 Bg4 7. Be3 c6 8. Nbd2 Nd7 9. c3 Qc7 10. Qc2 h6 11. Rfe1 0-0 12. h3 Bh5 13. b3 Bg6 14. Nh4 Bxd3 15. Qxd3 Nf6 16. c4 Qd7 17. c5 Bc7 18. Ndf3 Ne4 19. Ne5 Bxe5 20. dxe5 Qe6 21. Bd4 g5 22. Nf3 Ng6 23. Nd2 Nf4 24. Qe3 Nxd2 25. Qxd2 Rfe8 26. h4 Qg4 27. g3 Ne6 28. Bb2 gxh4 29. Qxh6 hxg3 30. fxg3 Qxg3+ 31. Kh1 Qf3+ 32. Kg1 Qf4 33. Qh3 Kg7 34. Re2 Qh6 1-0